000
00325 a2200109 4500
001
ART_45168
005
20260410161709.0
008
260409a
245
1
0
_a
Nuevo pacto federal de armonización tributaria
100
1
_a
Spisso, Rodolfo Roque
773
0
_t
Revista Impuestos
_g
- Nº 12 (dic. 2017)
_w
REV639
999
_c
15907
_d
15907